La planificación del sector público (Registro nro. 16059)

Detalles MARC
000 -LEADER
fixed length control field 00362 a2200121 4500
001 - CONTROL NUMBER
control field ART_2912
005 - DATE AND TIME OF LATEST TRANSACTION
control field 20260410161711.0
008 - FIXED-LENGTH DATA ELEMENTS--GENERAL INFORMATION
fixed length control field 260409a
100 1# - MAIN ENTRY--PERSONAL NAME
Personal name Cibotti, Ricardo
245 10 - TITLE STATEMENT
Title La planificación del sector público
700 1# - ADDED ENTRY--PERSONAL NAME
Personal name Weffort, Francisco
773 0# - HOST ITEM ENTRY
Title Desarrollo económico
Related parts - Vol. 7, Nº 26 (jul./sep. 1967)
Record control number REV1174

No hay ítems disponibles.